Readings in the income approach to real property. Volume 1: valuation (Record no. 92441)

MARC details
000 -LEADER
fixed length control field 00632cam a2200193 4500
001 - CONTROL NUMBER
control field D930
008 - FIXED-LENGTH DATA ELEMENTS--GENERAL INFORMATION
fixed length control field 090401t1977 xxu||||| |||| 00| 0 eng d
035 ## - SYSTEM CONTROL NUMBER
System control number (Sirsi) u48950
041 ## - LANGUAGE CODE
Language code of text/sound track or separate title eng
050 ## - LIBRARY OF CONGRESS CALL NUMBER
Classification number 333.330973
110 ## - MAIN ENTRY--CORPORATE NAME
Corporate name or jurisdiction name as entry element American Institute of Real Estate Appraisers
9 (RLIN) 3093
245 ## - TITLE STATEMENT
Title Readings in the income approach to real property. Volume 1: valuation
260 ## - PUBLICATION, DISTRIBUTION, ETC.
Place of publication, distribution, etc. Cambridge, Mass
Name of publisher, distributor, etc. Ballinger
Date of publication, distribution, etc. 1977
300 ## - PHYSICAL DESCRIPTION
Extent xii. 226p. 25cm
350 ## - PRICE (NR) (BK AM CF MU VM SE) [OBSOLETE]
Price 5
520 ## - SUMMARY, ETC.
Summary, etc. Consists of twenty four articles which have appeared in the Appraisal Journal, the Institutes quarterly publication
942 ## - ADDED ENTRY ELEMENTS (KOHA)
Suppress in OPAC 0
948 ## - LOCAL PROCESSING INFORMATION (OCLC); SERIES PART DESIGNATOR (RLIN)
c (OCLC) 04/03/1997
Holdings
Withdrawn status Lost status Source of classification or shelving scheme Damaged status Not for loan Home library Current library Shelving location Date acquired Cost, normal purchase price Total Checkouts Full call number Barcode Date last seen Date last checked out Copy number Cost, replacement price Price effective from Koha item type
    Dewey Decimal Classification     London London Books 14/09/1999 5.00 2 333.330973 30002528 06/08/2019 13/03/2003 1 5.00 06/08/2019 Book